La Patagonia: Estudios jeográficos i políticos dirijidos a esclarecer la Cuestión Patagonia, con motivo de las amenazas recíprocas de guerra entre Chile i la República Arjentina
Salvato in:
| Autore principale: | |
|---|---|
| Natura: | Libro |
| Lingua: | spagnolo |
| Pubblicazione: |
Santiago
Imprenta del Centro Editorial
1880
|
| Edizione: | 1a. ed |
| Soggetti: | |
| Tags: |
Aggiungi Tag
Nessun Tag, puoi essere il primo ad aggiungerne!!
|
MARC
| LEADER | 00000nam a2200000 a 4500 | ||
|---|---|---|---|
| 001 | UCJ4518 | ||
| 003 | CL-VaPUC | ||
| 008 | 070124e18800000CL |||||||||||||||||spa|d | ||
| 082 | 0 | 4 | |a 983 |b VIC |2 21 |
| 100 | |a Vicuña Mackenna, Benjamín, |d 1831-1886 |x Político e historiador |z Chile |e author |9 374 | ||
| 245 | 1 | 3 | |a La Patagonia: Estudios jeográficos i políticos dirijidos a esclarecer la Cuestión Patagonia, con motivo de las amenazas recíprocas de guerra entre Chile i la República Arjentina |
| 250 | |a 1a. ed | ||
| 300 | |a 354 p | ||
| 942 | |c BK | ||
| 945 | |d 20070124 00:00:00 |a rinostro | ||
| 260 | |a Santiago |b Imprenta del Centro Editorial |c 1880 | ||
| 600 | 0 | 7 | |a ARTEAGA ALEMPARTE, JUSTO |2 CL-VaPUC |9 504296 |
| 600 | 0 | 7 | |a VARGAS FONTECILLA, FRANCISCO |2 CL-VaPUC |9 508444 |
| 600 | 0 | 7 | |a BOURNE, BENJAMIN FRANKLIN |2 CL-VaPUC |9 508445 |
| 600 | 0 | 7 | |a WEDDEL, JAMES |2 CL-VaPUC |9 508446 |
| 600 | 0 | |a Vélez Sarsfield, Dalmacio |9 449047 | |
| 650 | 0 | |a Diplomacia |9 256483 | |
| 650 | 0 | |a Discursos políticos |9 373524 | |
| 650 | 0 | |a Viajeros |9 267525 | |
| 650 | 0 | |a Cultura |9 269059 | |
| 650 | 0 | |a Recursos naturales |9 255232 | |
| 650 | 0 | |a Geografía |9 259346 | |
| 650 | 7 | |a EPISTOLARIO |2 CL-VaPUC |9 321776 | |
| 650 | 0 | |a Descubrimientos geográficos |9 331933 | |
| 650 | 7 | |a CONTROVERSIAS LIMITROFES |2 CL-VaPUC |9 504210 | |
| 650 | 0 | |a Límites con Argentina |9 504170 | |
| 651 | 7 | |a CHILE |2 CL-VaPUC |9 508447 | |
| 651 | 0 | |a Argentina |9 254888 | |
| 651 | 0 | |a Patagonia |9 269580 | |
| 583 | |a last modification |c 20070124 00:00:00 |k Rodrigo Vera | ||
| 999 | |c 320634 |d 320632 | ||
| 952 | |0 0 |1 0 |4 0 |6 983_000000000000000_VIC_1880 |7 0 |8 X |9 399186 |a FDOBUD |b FDOBUD |d 2019-11-22 |i 1020323 |o 983 VIC 1880 |p 1020323 |r 2019-11-22 |w 2019-11-22 |y BK_X |k BUD | ||